[Event "HUN-chT2 Asztalos 1819"]
[Site "Hungary"]
[Date "2019.04.28"]
[Round "9.11"]
[White "Aladics, Jozsef"]
[Black "Kelemen, Sandor1"]
[Result "1-0"]
[WhiteElo "1839"]
[BlackElo "1437"]
[PlyCount "53"]
[EventDate "2018.10.28"]
[EventType "team-tourn"]
[EventRounds "9"]
[EventCountry "HUN"]
[SourceTitle "EXT 2021"]
[Source "ChessBase"]
[SourceDate "2020.10.23"]
[SourceVersion "1"]
[SourceVersionDate "2020.10.23"]
[SourceQuality "1"]
[WhiteTeam "Baja Spartacus"]
[BlackTeam "Kaposvar Bastya"]
[WhiteTeamCountry "HUN"]
[BlackTeamCountry "HUN"]

1. e4 e5 2. f4 d6 3. Bc4 exf4 4. Nc3 Qh4+ 5. Kf1 Nc6 6. d4 Nf6 7. g3 fxg3 8. Kg2 Bg4 9. Qe1 0-0-0 10. hxg3 Bf3+ 11. Nxf3 Qg4 12. Bxf7 Qd7 13. Ng5 Nxd4 14. Be3 Nxc2 15. Qe2 Nxe3+ 16. Qxe3 Kb8 17. Be6 Qe7 18. Nb5 b6 19. Nd4 Qe8 20. a4 c5 21. Nb5 h6 22. Bc4 Rd7 23. a5 Qe5 24. axb6 Qxb2+ 25. Be2 axb6 26. Rhb1 Qe5 27. Qa3 1-0

[Event "HUN-chT2 Asztalos 1718"]
[Site "Hungary"]
[Date "2018.01.28"]
[Round "5.8"]
[White "Aladics, Jozsef"]
[Black "Horvath, Csaba4"]
[Result "1-0"]
[WhiteElo "1847"]
[BlackElo "1758"]
[PlyCount "65"]
[EventDate "2017.10.29"]
[EventType "team-tourn"]
[EventRounds "9"]
[EventCountry "HUN"]
[SourceTitle "EXT 2021"]
[Source "ChessBase"]
[SourceDate "2020.10.23"]
[SourceVersion "1"]
[SourceVersionDate "2020.10.23"]
[SourceQuality "1"]
[WhiteTeam "Baja"]
[BlackTeam "Szentlorinc"]
[WhiteTeamCountry "HUN"]
[BlackTeamCountry "HUN"]

1. e4 d5 2. exd5 Qxd5 3. Nc3 Qa5 4. d4 Nf6 5. Bd2 c6 6. Bc4 Bf5 7. Nf3 e6 8. 0-0 Qc7 9. Ne5 Nbd7 10. Qe2 Nxe5 11. Bf4 0-0-0 12. dxe5 Nd5 13. Bxd5 exd5 14. Bg3 Be6 15. f4 g6 16. Bf2 Bh6 17. Bc5 b6 18. Bd6 Qb7 19. a4 Bf8 20. Ba3 h5 21. b4 Bg4 22. Qf2 Kb8 23. h3 Be6 24. Rfd1 Be7 25. Ne2 Qc8 26. Nd4 Kb7 27. b5 c5 28. Nc6 Rd7 29. a5 Bd8 30. axb6 Bxb6 31. Bxc5 Qc7 32. Bxb6 Qxb6 33. Rxa7+ 1-0

[Event "HUN-chT2 Asztalos 1718"]
[Site "Hungary"]
[Date "2017.11.26"]
[Round "2.9"]
[White "Aladics, Jozsef"]
[Black "Remenyi, Szilard"]
[Result "0-1"]
[WhiteElo "1845"]
[BlackElo "1842"]
[PlyCount "74"]
[EventDate "2017.10.29"]
[EventType "team-tourn"]
[EventRounds "9"]
[EventCountry "HUN"]
[SourceTitle "EXT 2021"]
[Source "ChessBase"]
[SourceDate "2020.10.23"]
[SourceVersion "1"]
[SourceVersionDate "2020.10.23"]
[SourceQuality "1"]
[WhiteTeam "Baja"]
[BlackTeam "Kiraly Sakk"]
[WhiteTeamCountry "HUN"]
[BlackTeamCountry "HUN"]

1. e4 c5 2. d4 cxd4 3. f4 Nc6 4. Nf3 d6 5. Bd3 Nf6 6. 0-0 g6 7. e5 dxe5 8. fxe5 Ng4 9. Qe2 Bg7 10. Bf4 Qb6 11. Nbd2 Be6 12. Ng5 Ncxe5 13. Bb5+ Nd7 14. Kh1 Ngf6 15. Rae1 0-0 16. Nxe6 fxe6 17. Bc4 Nc5 18. Nb3 Nfe4 19. Bxe6+ Qxe6 20. Nxc5 Nxc5 21. Qxe6+ Nxe6 22. Rxe6 g5 23. Rxe7 Rxf4 24. Rxf4 gxf4 25. Rxb7 Rc8 26. Kg1 Rxc2 27. a4 d3 28. Rd7 d2 29. Kf1 Rc1+ 30. Ke2 d1Q+ 31. Rxd1 Rxd1 32. Kxd1 Bxb2 33. Ke2 Kf7 34. Kf3 Be5 35. g3 fxg3 36. hxg3 Bxg3 37. Kxg3 Ke6 0-1

[Event "HUN-chT2 Asztalos 1617"]
[Site "Hungary"]
[Date "2017.01.29"]
[Round "7.9"]
[White "Aladics, Jozsef"]
[Black "Rostas, Sandor"]
[Result "1-0"]
[WhiteElo "1832"]
[BlackElo "1574"]
[PlyCount "59"]
[EventDate "2016.09.25"]
[EventType "team-tourn"]
[EventRounds "11"]
[EventCountry "HUN"]
[SourceTitle "EXT 2021"]
[Source "ChessBase"]
[SourceDate "2020.10.23"]
[SourceVersion "1"]
[SourceVersionDate "2020.10.23"]
[SourceQuality "1"]
[WhiteTeam "Baja"]
[BlackTeam "Szentlorinc"]
[WhiteTeamCountry "HUN"]
[BlackTeamCountry "HUN"]

1. e4 c5 2. Nf3 d6 3. d4 cxd4 4. Nxd4 Nf6 5. Nc3 a6 6. Be2 Nc6 7. 0-0 e6 8. Rb1 Be7 9. f4 0-0 10. b4 Qc7 11. Nxc6 Qxc6 12. Rb3 b5 13. e5 Nd7 14. exd6 Qb6+ 15. Kh1 Bxd6 16. Ne4 Be7 17. Be3 Qd8 18. Rd3 Bxb4 19. Nc5 Bxc5 20. Bxc5 Re8 21. Bf3 Rb8 22. Ba7 Qc7 23. Bxb8 Nxb8 24. Qe2 Nd7 25. Rfd1 Nf6 26. Qd2 Kf8 27. Rc3 Qa5 28. Rxc8 Qxd2 29. Rxe8+ Kxe8 30. Rxd2 1-0

[Event "HUN-chT2 Asztalos 1516"]
[Site "Hungary"]
[Date "2016.04.17"]
[Round "11.10"]
[White "Aladics, Jozsef"]
[Black "Kun, Balint"]
[Result "0-1"]
[WhiteElo "1856"]
[BlackElo "1378"]
[PlyCount "74"]
[EventDate "2015.09.13"]
[EventType "team-tourn"]
[EventRounds "11"]
[EventCountry "HUN"]
[SourceTitle "EXT 2017"]
[Source "ChessBase"]
[SourceDate "2016.10.25"]
[SourceVersion "1"]
[SourceVersionDate "2016.10.25"]
[SourceQuality "1"]
[WhiteTeam "Baja Spartacus"]
[BlackTeam "Fehervar"]
[WhiteTeamCountry "HUN"]
[BlackTeamCountry "HUN"]

1. e4 e6 2. d4 d5 3. Be3 dxe4 4. Nd2 Nf6 5. f3 Nd5 6. Qe2 Nc6 7. c3 Nxe3 8. Qxe3 exf3 9. Ngxf3 a6 10. Bd3 Bd6 11. 0-0 f6 12. Rae1 Qe7 13. Ne4 Bd7 14. c4 Bb4 15. Re2 e5 16. a3 f5 17. Nxe5 Nxe5 18. axb4 fxe4 19. Qxe4 0-0-0 20. dxe5 Bc6 21. Qf5+ Kb8 22. b5 Rhf8 23. Qxh7 Qc5+ 24. Ref2 Rxf2 25. Rxf2 Rf8 26. Qh4 axb5 27. b3 bxc4 28. bxc4 Qb6 29. Kf1 Rxf2+ 30. Qxf2 Qa5 31. Qf8+ Ka7 32. Qxg7 Qa1+ 33. Kf2 Qb2+ 34. Be2 Qd4+ 35. Kg3 Qe3+ 36. Bf3 Bxf3 37. gxf3 Qg1+ 0-1

[Event "HUN-chT2 Asztalos 1516"]
[Site "Hungary"]
[Date "2015.11.29"]
[Round "5.9"]
[White "Aladics, Jozsef"]
[Black "Szabo, Janos"]
[Result "1-0"]
[WhiteElo "1856"]
[BlackElo "1664"]
[PlyCount "39"]
[EventDate "2015.09.13"]
[EventType "team-tourn"]
[EventRounds "11"]
[EventCountry "HUN"]
[SourceTitle "CBM 170 Extra"]
[Source "ChessBase"]
[SourceDate "2016.02.25"]
[SourceVersion "1"]
[SourceVersionDate "2016.02.25"]
[SourceQuality "1"]
[WhiteTeam "Baja Spartacus"]
[BlackTeam "Sarosd"]
[WhiteTeamCountry "HUN"]
[BlackTeamCountry "HUN"]

1. e4 e6 2. d4 Nf6 3. Bd3 c6 4. f4 d6 5. Nf3 h6 6. 0-0 Be7 7. e5 Nd5 8. c4 Nb4 9. Be2 dxe5 10. a3 e4 11. Ne5 N4a6 12. Nc3 Nd7 13. Nxe4 Nxe5 14. fxe5 Bd7 15. Bh5 g6 16. Qf3 0-0 17. Bxh6 Qb6 18. Nf6+ Kh8 19. Be3 Qd8 20. Qf4 1-0

[Event "HUN-chT2 Asztalos 1415"]
[Site "Hungary"]
[Date "2015.04.26"]
[Round "9.8"]
[White "Aladics, Jozsef"]
[Black "Dani, Ferenc"]
[Result "1-0"]
[WhiteElo "1919"]
[BlackElo "1766"]
[PlyCount "111"]
[EventDate "2014.10.12"]
[EventType "team-tourn"]
[EventRounds "9"]
[EventCountry "HUN"]
[SourceTitle "EXT 2016"]
[Source "ChessBase"]
[SourceDate "2015.10.08"]
[SourceVersion "1"]
[SourceVersionDate "2015.10.08"]
[SourceQuality "1"]
[WhiteTeam "Baja Spartacus"]
[BlackTeam "Pecs Karmin"]
[WhiteTeamCountry "HUN"]
[BlackTeamCountry "HUN"]

1. e4 b6 2. d4 Bb7 3. Nc3 Nf6 4. Bd3 e6 5. a3 c5 6. Nf3 Be7 7. e5 Nd5 8. Ne4 Qc7 9. c4 f5 10. Nd6+ Bxd6 11. exd6 Qxd6 12. cxd5 Bxd5 13. dxc5 bxc5 14. 0-0 0-0 15. Bc4 Nc6 16. Bxd5 exd5 17. g3 d4 18. Qb3+ Qe6 19. Qxe6+ dxe6 20. Bf4 Rad8 21. Rfe1 Rfe8 22. Rac1 Rd5 23. b4 e5 24. Rxc5 Rxc5 25. bxc5 e4 26. Nd2 Na5 27. Bc7 Nc6 28. Nc4 d3 29. Rb1 Re6 30. Bd6 Kf7 31. Ne3 Kg6 32. Rb7 Nd4 33. Bf8 d2 34. Rxg7+ Kf6 35. Rxh7 Re8 36. Bd6 Nc2 37. Nd1 e3 38. fxe3 Nxe3 39. Bf4 Nxd1 40. Bxd2 Nb2 41. Bc3+ Kg6 42. Rg7+ Kh6 43. Bxb2 Re2 44. Rb7 Rc2 45. Bd4 Kh5 46. Bf2 Kg4 47. Kg2 a5 48. Ra7 f4 49. h3+ Kf5 50. Rxa5 fxg3 51. Kxg3 Rc3+ 52. Kg2 Ke6 53. Ra6+ Kf5 54. c6 Kf4 55. c7 Rc2 56. Ra8 1-0

[Event "HUN-chT2 Asztalos 1314"]
[Site "Hungary"]
[Date "2014.02.16"]
[Round "5"]
[White "Zambo, Arpad"]
[Black "Aladics, Jozsef"]
[Result "1-0"]
[WhiteElo "1792"]
[BlackElo "1875"]
[PlyCount "23"]
[EventDate "2013.09.08"]
[EventType "team-tourn"]
[EventRounds "9"]
[EventCountry "HUN"]
[SourceTitle "EXT 2016"]
[Source "ChessBase"]
[SourceDate "2015.10.08"]
[SourceVersion "1"]
[SourceVersionDate "2015.10.08"]
[SourceQuality "1"]
[WhiteTeam "Fehervar"]
[BlackTeam "Baja"]
[WhiteTeamCountry "HUN"]
[BlackTeamCountry "HUN"]

1. e4 e5 2. Nf3 f5 3. d4 d6 4. dxe5 fxe4 5. Ng5 d5 6. c4 Bb4+ 7. Nc3 d4 8. a3 Be7 9. Ncxe4 Nc6 10. e6 Bxg5 11. Bxg5 Nge7 12. Qh5+ 1-0

[Event "HUN-chT2 Asztalos 1213"]
[Site "Hungary"]
[Date "2013.03.03"]
[Round "8.9"]
[White "Katona, Gergo"]
[Black "Aladics, Jozsef"]
[Result "0-1"]
[WhiteElo "1630"]
[BlackElo "1890"]
[PlyCount "134"]
[EventDate "2012.09.16"]
[EventType "team-tourn"]
[EventRounds "9"]
[EventCountry "HUN"]
[SourceTitle "EXT 2014"]
[Source "ChessBase"]
[SourceDate "2013.11.20"]
[SourceVersion "1"]
[SourceVersionDate "2013.11.20"]
[SourceQuality "1"]
[WhiteTeam "Dunaujvaros"]
[BlackTeam "Baja"]
[WhiteTeamCountry "HUN"]
[BlackTeamCountry "HUN"]

1. e4 d6 2. Nf3 Nf6 3. Nc3 g6 4. d4 Bg7 5. Bg5 c6 6. Bc4 b5 7. Bd3 b4 8. Ne2 Bg4 9. Ng3 Qb6 10. d5 cxd5 11. exd5 Nbd7 12. h3 Bxf3 13. Qxf3 Ne5 14. Qd1 0-0 15. Bxf6 Bxf6 16. Rb1 Qa5 17. 0-0 Qxa2 18. Be4 Nc4 19. b3 Na3 20. Ra1 Bxa1 21. Qxa1 Qxa1 22. Rxa1 Nb5 23. Ne2 Rfc8 24. Bd3 Rc5 25. Bc4 Nc7 26. Nf4 g5 27. Nd3 Rxd5 28. Bxd5 Nxd5 29. Ra5 e6 30. Ra6 Rc8 31. Ne1 Rc7 32. Rxd6 Nb6 33. Rd4 a5 34. Rd6 Nd5 35. Ra6 Rc5 36. Kf1 Nf4 37. Rd6 Kg7 38. Rd4 e5 39. Rd2 h5 40. Nf3 f6 41. Ng1 e4 42. Ne2 Nxe2 43. Kxe2 Kf7 44. Ke3 Ke6 45. Kxe4 Rc3 46. Re2 Rc5 47. Rd2 f5+ 48. Kf3 Re5 49. g4 fxg4+ 50. hxg4 h4 51. Rd8 Rc5 52. Ra8 Rxc2 53. Rxa5 Rc3+ 54. Ke4 Rxb3 55. Rxg5 Kf6 56. Rf5+ Kg6 57. f3 Rb1 58. Rh5 Rh1 59. Kf4 b3 60. Rb5 Rb1 61. Rb6+ Kf7 62. Kf5 b2 63. Rb7+ Ke8 64. g5 h3 65. g6 h2 66. g7 Rg1 67. Ke6 Rg6+ 0-1

[Event "HUN-chT2 Asztalos 1112"]
[Site "Hungary"]
[Date "2012.03.25"]
[Round "8.12"]
[White "Aladics, Jozsef"]
[Black "Gyori, Barnabas"]
[Result "1-0"]
[WhiteElo "1894"]
[BlackElo "1628"]
[PlyCount "35"]
[EventDate "2011.09.25"]
[EventType "team-tourn"]
[EventRounds "11"]
[EventCountry "HUN"]
[SourceTitle "EXT 2013"]
[Source "ChessBase"]
[SourceDate "2012.11.22"]
[SourceVersion "1"]
[SourceVersionDate "2012.11.22"]
[SourceQuality "1"]
[WhiteTeam "Baja"]
[BlackTeam "Pecs Karmin"]
[WhiteTeamCountry "HUN"]
[BlackTeamCountry "HUN"]

1. e4 c5 2. d4 cxd4 3. c3 dxc3 4. Nxc3 Nc6 5. Nf3 d6 6. Bc4 e6 7. 0-0 Be7 8. Qe2 a6 9. Rd1 Qc7 10. Bf4 Bd7 11. Rac1 Nf6 12. e5 dxe5 13. Nxe5 Bd6 14. Rxd6 Qxd6 15. Ng6 Qc5 16. Nxh8 Ke7 17. Rd1 e5 18. Be3 1-0

[Event "HUN-chT2 Asztalos 1112"]
[Site "Hungary"]
[Date "2012.01.29"]
[Round "5.10"]
[White "Aladics, Jozsef"]
[Black "Waszner, Karoly"]
[Result "1-0"]
[WhiteElo "1894"]
[BlackElo "1916"]
[PlyCount "49"]
[EventDate "2011.09.25"]
[EventType "team-tourn"]
[EventRounds "11"]
[EventCountry "HUN"]
[SourceTitle "EXT 2013"]
[Source "ChessBase"]
[SourceDate "2012.11.22"]
[SourceVersion "1"]
[SourceVersionDate "2012.11.22"]
[SourceQuality "1"]
[WhiteTeam "Baja"]
[BlackTeam "Mohacs"]
[WhiteTeamCountry "HUN"]
[BlackTeamCountry "HUN"]

1. e4 c5 2. d4 cxd4 3. c3 dxc3 4. Nxc3 e6 5. Bc4 Bb4 6. Nf3 Bxc3+ 7. bxc3 Ne7 8. 0-0 0-0 9. Ba3 a6 10. Qd6 Nbc6 11. Rad1 b5 12. Bb3 Re8 13. Bc5 Qa5 14. Rd3 Ng6 15. Nd4 Nce5 16. Bb6 Qxb6 17. Qxb6 Nxd3 18. g3 Nde5 19. f4 Nc4 20. Bxc4 bxc4 21. f5 exf5 22. Nxf5 Rxe4 23. Nd6 Re6 24. Qd8+ Nf8 25. Rxf7 1-0

[Event "HUN-chT2 Asztalos 1112"]
[Site "Hungary"]
[Date "2011.10.30"]
[Round "2.9"]
[White "Aladics, Jozsef"]
[Black "Haszon, Kamilla Sara"]
[Result "0-1"]
[WhiteElo "1894"]
[BlackElo "1779"]
[PlyCount "72"]
[EventDate "2011.09.25"]
[EventType "team-tourn"]
[EventRounds "11"]
[EventCountry "HUN"]
[SourceTitle "EXT 2013"]
[Source "ChessBase"]
[SourceDate "2012.11.22"]
[SourceVersion "1"]
[SourceVersionDate "2012.11.22"]
[SourceQuality "1"]
[WhiteTeam "Baja"]
[BlackTeam "Marcali"]
[WhiteTeamCountry "HUN"]
[BlackTeamCountry "HUN"]

1. e4 c5 2. d4 cxd4 3. c3 Nf6 4. e5 Nd5 5. Nf3 e6 6. Bc4 Nb6 7. Bb3 d6 8. 0-0 dxe5 9. Nxe5 Bd6 10. Qe2 0-0 11. Rd1 Qc7 12. cxd4 N8d7 13. Bf4 Nf6 14. Nc3 Nbd5 15. Bg3 Nxc3 16. bxc3 Qxc3 17. Rac1 Qb4 18. Rxc8 Raxc8 19. Nxf7 Bxg3 20. Qxe6 Rce8 21. Ng5+ Rxe6 22. Nxe6 Re8 23. hxg3 Kh8 24. d5 Qd6 25. Ng5 Re7 26. Rc1 Kg8 27. Rc8+ Re8 28. Rc7 Nxd5 29. Rxb7 Qc6 30. Rc7 Qxc7 31. Bxd5+ Kf8 32. Ne6+ Rxe6 33. Bxe6 Qc1+ 34. Kh2 Qh6+ 35. Bh3 Qa6 36. Bf5 Qxa2 0-1

[Event "HUN-chT2 Asztalos 1112"]
[Site "Hungary"]
[Date "2011.09.25"]
[Round "1.9"]
[White "Ferencz, Miklos"]
[Black "Aladics, Jozsef"]
[Result "1-0"]
[WhiteElo "2109"]
[BlackElo "1894"]
[PlyCount "67"]
[EventDate "2011.09.25"]
[EventType "team-tourn"]
[EventRounds "11"]
[EventCountry "HUN"]
[SourceTitle "EXT 2013"]
[Source "ChessBase"]
[SourceDate "2012.11.22"]
[SourceVersion "1"]
[SourceVersionDate "2012.11.22"]
[SourceQuality "1"]
[WhiteTeam "Nagyatad"]
[BlackTeam "Baja"]
[WhiteTeamCountry "HUN"]
[BlackTeamCountry "HUN"]

1. e4 e5 2. Nf3 Nc6 3. Bb5 Bc5 4. 0-0 d6 5. c3 a6 6. Ba4 b5 7. Bb3 Nf6 8. d4 exd4 9. cxd4 Bb6 10. h3 0-0 11. Bg5 h6 12. Be3 Qe7 13. Nbd2 Re8 14. Rc1 Bb7 15. d5 Bxe3 16. dxc6 Bxd2 17. cxb7 Bxc1 18. bxa8Q Rxa8 19. Qxc1 c5 20. Re1 c4 21. Bc2 Nd7 22. Qe3 a5 23. e5 d5 24. Nd4 Re8 25. e6 Nf6 26. exf7+ Qxf7 27. Qd2 Ne4 28. Bxe4 dxe4 29. Nxb5 Qf5 30. Nd6 Qd7 31. Nxc4 Qb5 32. Nd6 Qd7 33. Qd5+ Kh8 34. Nf7+ 1-0

[Event "HUN-chT2 Asztalos 1011"]
[Site "Hungary"]
[Date "2010.09.26"]
[Round "2.10"]
[White "Kohalmi, Endre Jr"]
[Black "Aladics, Jozsef"]
[Result "1-0"]
[WhiteElo "1991"]
[BlackElo "1886"]
[PlyCount "65"]
[EventDate "2010.09.12"]
[EventType "team-tourn"]
[EventRounds "11"]
[EventCountry "HUN"]
[SourceTitle "EXT 2012"]
[Source "ChessBase"]
[SourceDate "2011.11.24"]
[SourceVersion "1"]
[SourceVersionDate "2011.11.24"]
[SourceQuality "1"]
[WhiteTeam "Komlo"]
[BlackTeam "Baja"]
[WhiteTeamCountry "HUN"]
[BlackTeamCountry "HUN"]

1. Nf3 Nf6 2. d4 d5 3. c4 e6 4. Nc3 Be7 5. Bg5 0-0 6. e3 h6 7. Bh4 Ne4 8. Bxe7 Qxe7 9. cxd5 Nxc3 10. bxc3 exd5 11. Qb3 c6 12. Bd3 Bg4 13. Ne5 Bc8 14. c4 Nd7 15. Nxd7 Bxd7 16. cxd5 cxd5 17. 0-0 Bc6 18. Bb5 Rfe8 19. Rfc1 Qf6 20. Bxc6 bxc6 21. Rab1 Re7 22. Qa4 Rc8 23. Qa6 Rcc7 24. Rb8+ Kh7 25. h3 Qg5 26. Rxc6 Rxe3 27. fxe3 Qxe3+ 28. Kh1 Re7 29. Rb3 Qf2 30. Rf3 Re1+ 31. Kh2 Qg1+ 32. Kg3 Re4 33. Rxh6+ 1-0

[Event "HUN-chT2 Asztalos 1011"]
[Site "Hungary"]
[Date "2010.09.12"]
[Round "1.10"]
[White "Aladics, Jozsef"]
[Black "Szekacs, Mark"]
[Result "1/2-1/2"]
[WhiteElo "1886"]
[BlackElo "1775"]
[PlyCount "78"]
[EventDate "2010.09.12"]
[EventType "team-tourn"]
[EventRounds "11"]
[EventCountry "HUN"]
[SourceTitle "EXT 2012"]
[Source "ChessBase"]
[SourceDate "2011.11.24"]
[SourceVersion "1"]
[SourceVersionDate "2011.11.24"]
[SourceQuality "1"]
[WhiteTeam "Baja"]
[BlackTeam "Kaposvar Bastya"]
[WhiteTeamCountry "HUN"]
[BlackTeamCountry "HUN"]

1. e4 c5 2. f4 d5 3. exd5 Qxd5 4. Nc3 Qd8 5. Bc4 Nf6 6. Nf3 Nc6 7. 0-0 Bg4 8. d3 a6 9. f5 g6 10. fxg6 hxg6 11. Bf4 Bg7 12. Qd2 Bxf3 13. Rxf3 Nd4 14. Rff1 Qd7 15. a4 0-0 16. Rae1 b5 17. axb5 axb5 18. Bb3 Rfd8 19. Re3 Nf5 20. Rh3 c4 21. dxc4 Qxd2 22. Bxd2 bxc4 23. Bxc4 Rxd2 24. Bd3 Nh5 25. Bxf5 gxf5 26. Rxh5 Rxc2 27. Rhxf5 e6 28. Rxf7 Rxb2 29. Rc7 Be5 30. Rc6 Rc2 31. Rxe6 Bxc3 32. Rg6+ Kh7 33. Rg3 Raa2 34. h3 Kh6 35. Rg4 Ra7 36. Rh4+ Kg6 37. Rg4+ Kh7 38. Rh4+ Kg8 39. Rg4+ Kh7 1/2-1/2

[Event "HUN-chT2 Asztalos 0910"]
[Site "Hungary"]
[Date "2010.04.11"]
[Round "9"]
[White "Grunwald, Matyas"]
[Black "Aladics, Jozsef"]
[Result "1-0"]
[WhiteElo "2076"]
[BlackElo "1886"]
[PlyCount "55"]
[EventDate "2009.11.08"]
[EventType "team-tourn"]
[EventRounds "11"]
[EventCountry "HUN"]
[SourceTitle "EXT 2011"]
[Source "ChessBase"]
[SourceDate "2010.11.26"]
[SourceVersion "1"]
[SourceVersionDate "2010.11.26"]
[SourceQuality "1"]
[WhiteTeam "Komlo"]
[BlackTeam "Baja"]
[WhiteTeamCountry "HUN"]
[BlackTeamCountry "HUN"]

1. d4 d5 2. c4 e5 3. dxe5 d4 4. Nf3 Nc6 5. g3 Be6 6. b3 h6 7. Bg2 Bb4+ 8. Bd2 Qd7 9. 0-0 0-0-0 10. Bxb4 Nxb4 11. a3 Nc6 12. Nbd2 Nge7 13. Ne4 Ng6 14. Nc5 Qe7 15. Nd3 Bg4 16. h3 Bf5 17. b4 Ngxe5 18. Nfxe5 Nxe5 19. Qa4 a6 20. Nc5 Rd6 21. Bxb7+ Kb8 22. Bg2 Nxc4 23. Nxa6+ Kc8 24. Qb5 Qe6 25. Qb8+ Kd7 26. Nc5+ Ke7 27. Qxc7+ Rd7 28. Nxe6 1-0

[Event "Harkany Tenkes Cup 33rd"]
[Site "Harkany"]
[Date "2009.12.01"]
[Round "6"]
[White "Radics, Laszlo2"]
[Black "Aladics, Jozsef"]
[Result "1-0"]
[WhiteElo "2027"]
[BlackElo "1878"]
[PlyCount "36"]
[EventDate "2009.11.26"]
[EventType "swiss"]
[EventRounds "9"]
[EventCountry "HUN"]
[SourceTitle "EXT 2011"]
[Source "ChessBase"]
[SourceDate "2010.11.26"]
[SourceVersion "1"]
[SourceVersionDate "2010.11.26"]
[SourceQuality "1"]

1. e4 e5 2. Nf3 Nc6 3. d4 exd4 4. Bc4 d6 5. c3 Be6 6. Bxe6 fxe6 7. cxd4 Qf6 8. Nc3 Be7 9. d5 Nd8 10. Nb5 Kd7 11. 0-0 c6 12. e5 Qf8 13. dxc6+ Nxc6 14. Nxd6 Bxd6 15. exd6 Rd8 16. b4 Kc8 17. b5 Nb4 18. Ba3 Nd5 1-0

[Event "Harkany Tenkes Cup 33rd"]
[Site "Harkany"]
[Date "2009.11.27"]
[Round "2"]
[White "Aladics, Jozsef"]
[Black "Kovacs, Klara"]
[Result "1/2-1/2"]
[WhiteElo "1878"]
[BlackElo "2195"]
[PlyCount "65"]
[EventDate "2009.11.26"]
[EventType "swiss"]
[EventRounds "9"]
[EventCountry "HUN"]
[SourceTitle "EXT 2011"]
[Source "ChessBase"]
[SourceDate "2010.11.26"]
[SourceVersion "1"]
[SourceVersionDate "2010.11.26"]
[SourceQuality "1"]

1. e4 c5 2. d4 cxd4 3. c3 d5 4. exd5 Qxd5 5. cxd4 Nc6 6. Nf3 Bg4 7. Be2 e6 8. 0-0 Nf6 9. Nc3 Qd7 10. h3 Bh5 11. Bg5 Rd8 12. g4 Bg6 13. Bb5 a6 14. Ne5 Qc7 15. Bxc6+ bxc6 16. Qa4 Rc8 17. Rac1 Ne4 18. Nd5 Qb7 19. Nxc6 Nc5 20. Rxc5 Bxc5 21. Nce7+ Qd7 22. Qxd7+ Kxd7 23. Nxc8 exd5 24. dxc5 Rxc8 25. Be3 Re8 26. Rd1 Kc6 27. Rd4 Rb8 28. Ra4 Bd3 29. Rf4 f6 30. Rd4 Bb1 31. Ra4 Bd3 32. Rd4 Bb1 33. Ra4 1/2-1/2

[Event "HUN-chT2 Asztalos 0809"]
[Site "Hungary"]
[Date "2008.10.26"]
[Round "1"]
[White "Gerecs, Istvan"]
[Black "Aladics, Jozsef"]
[Result "1-0"]
[WhiteElo "1960"]
[BlackElo "1913"]
[PlyCount "119"]
[EventDate "2008.10.26"]
[EventType "tourn"]
[EventRounds "11"]
[EventCountry "HUN"]
[SourceTitle "EXT 2010"]
[Source "ChessBase"]
[SourceDate "2010.11.25"]
[SourceVersion "1"]
[SourceVersionDate "2010.11.25"]
[SourceQuality "1"]
[WhiteTeam "Pannonpower II"]
[BlackTeam "Baja"]
[WhiteTeamCountry "HUN"]
[BlackTeamCountry "HUN"]

1. d4 d5 2. Bf4 Nf6 3. h3 Bf5 4. e3 e6 5. Nf3 Bd6 6. Bxd6 Qxd6 7. c3 0-0 8. Bd3 Nc6 9. Bxf5 exf5 10. Qd3 f4 11. 0-0 Ne4 12. Re1 f5 13. Ne5 fxe3 14. Rxe3 f4 15. Re2 Rae8 16. Nf3 Nf6 17. Nbd2 Rxe2 18. Qxe2 Re8 19. Qd3 Nd8 20. Re1 Rxe1+ 21. Nxe1 Ne6 22. Qf5 Kf7 23. Nef3 Qa6 24. a3 Qe2 25. Qb1 Ne4 26. Qf1 Qxf1+ 27. Kxf1 Kf6 28. Ke2 g5 29. Nb3 c5 30. dxc5 N6xc5 31. Nxc5 Nxc5 32. Ne1 Na4 33. Nd3 b6 34. g3 fxg3 35. fxg3 h5 36. Ke3 Nc5 37. Kd4 Nxd3 38. Kxd3 Ke5 39. Ke3 b5 40. b3 a5 41. a4 bxa4 42. bxa4 Kd6 43. Kd4 Kc6 44. c4 dxc4 45. Kxc4 Kd6 46. Kb5 Kd5 47. Kxa5 Kc5 48. Ka6 Kc6 49. a5 Kc7 50. Kb5 Kb7 51. Kc5 Ka6 52. Kd5 Kxa5 53. Ke4 g4 54. hxg4 hxg4 55. Kf4 Kb6 56. Kxg4 Kc7 57. Kg5 Kd7 58. Kf6 Ke8 59. Kg7 Ke7 60. g4 1-0

[Event "Harkany Tenkes Cup 28th"]
[Site "Harkany"]
[Date "2004.12.01"]
[Round "7"]
[White "Aladics, Jozsef"]
[Black "Herczku, Daniel"]
[Result "0-1"]
[WhiteElo "1951"]
[BlackElo "2014"]
[PlyCount "85"]
[EventDate "2004.11.25"]
[EventType "swiss"]
[EventRounds "9"]
[EventCountry "HUN"]
[SourceTitle "EXT 2008"]
[Source "ChessBase"]
[SourceDate "2007.11.25"]
[SourceVersion "1"]
[SourceVersionDate "2007.11.25"]
[SourceQuality "1"]

1. e4 c5 2. f4 Nc6 3. Nf3 g6 4. d4 cxd4 5. Nxd4 Bg7 6. Be3 Qb6 7. Nf5 Qb4+ 8. c3 Qxb2 9. Nxg7+ Kf8 10. Bc1 Qxa1 11. Qc2 Nb4 12. Qb3 Qxa2 13. Qxb4 Qc2 14. Be3 a5 15. Qb5 Qxe4 16. Kf2 Kxg7 17. Nd2 Qc6 18. Qb2 Nh6 19. Bd4+ f6 20. Bb5 Qc7 21. Rf1 Nf5 22. Kg1 Nxd4 23. cxd4 b6 24. f5 Ba6 25. Re1 Rhe8 26. Bxa6 Rxa6 27. Ne4 Raa8 28. d5 Qb7 29. d6 e5 30. fxe6 Rxe6 31. Nxf6 Rxe1+ 32. Kf2 Rf8 33. Kxe1 Rxf6 34. Qe5 Qxg2 35. Qe7+ Rf7 36. Qe5+ Kh6 37. Qe3+ g5 38. Qd3 Rf1+ 39. Qxf1 Qxf1+ 40. Kxf1 Kg6 41. Kg2 a4 42. Kg3 a3 43. Kh3 0-1